Carrera y Freire: fundadores de la república
Guardat en:
| Autor principal: | |
|---|---|
| Format: | Llibre |
| Idioma: | espanyol |
| Publicat: |
Santiago, Chile
Nascimento
1963
|
| Matèries: | |
| Etiquetes: |
Afegir etiqueta
Sense etiquetes, Sigues el primer a etiquetar aquest registre!
|
MARC
| LEADER | 00000cam a2200000 a 4500 | ||
|---|---|---|---|
| 001 | UCO1516 | ||
| 003 | CL-VaPUC | ||
| 005 | 20240418105545.0 | ||
| 008 | 000519e19630000CL |||||||||||||||||spa|d | ||
| 999 | |c 288128 |d 288126 | ||
| 040 | |c Pontificia Universidad Católica de Valparaíso | ||
| 082 | 0 | 4 | |a 983.04 ALE 1963 |2 21 |
| 100 | 0 | |a Alemparte Robles, Julio |e author |9 443694 | |
| 245 | 1 | 0 | |a Carrera y Freire: |b fundadores de la república |
| 260 | |a Santiago, Chile |b Nascimento |c 1963 | ||
| 300 | |a 390 páginas | ||
| 583 | |a last modification |c 20190720 09:22:29 |k Rodrigo Vera | ||
| 600 | 0 | |a Carrera, José Miguel |9 316043 | |
| 600 | 0 | |a Freire, Ramón |9 443695 | |
| 650 | 7 | |a HISTORIA DE CHILE |2 CL-VaPUC |9 443696 |y 1810-1822 | |
| 650 | 0 | |a Independencia |z CHILE |9 344246 | |
| 650 | 0 | |a República |z CHILE |9 310048 | |
| 852 | |a BIBCUR | ||
| 942 | |c BK |2 ddc | ||
| 945 | |d 20000519 00:00:00 |a crobeson | ||
| 952 | |0 0 |1 0 |2 ddc |4 0 |6 983_040000000000000_ALE_1963 |7 0 |8 A |9 335465 |a BIBHIS |b BIBHIS |d 2019-11-20 |i 127547K |o 983.04 ALE 1963 |p 127547K |r 2025-01-20 |t 1 |w 2019-11-20 |y BK |k HIS | ||
| 952 | |0 0 |1 0 |2 ddc |3 erb |4 0 |6 983_040000000000000_ALE_1963 |7 0 |8 X |9 335466 |a FDOBUD |b FDOBUD |i 5541980 |o 983.04 ALE 1963 |p 5541980 |r 2019-11-20 |t 2 |w 2019-11-20 |y BK_X |z Catalogado en:20190409 |k BUD | ||